00411nam a2200121Ia 4500008004100000100001100041245011000052245002600162260001600188300001000204650001300214856006200227170221s9999 xx 000 0 und d aYan Lu aToo Good to be True? An Analysis of the Options Market's Reactions to Earnings Releases (pages 830–848) cYan Lu and Sugata Ray cAugust 2016 a5 : 3 xBusiness uhttp://onlinelibrary.wiley.com/doi/10.1111/jbfa.12214/pdf